| 000 | 00692nam a2200205Ia 4500 | ||
|---|---|---|---|
| 999 |
_c36174 _d36174 |
||
| 001 | 2076 | ||
| 003 | GE_BSU | ||
| 005 | 20221011163408.0 | ||
| 008 | 181216s1969ru xx |||||||||||||| ||rus|| | ||
| 040 | _cGE_BSU | ||
| 041 | _arus | ||
| 080 | _a821.111.09 Ш-41 | ||
| 100 |
_aШведов,Ю. _915261 |
||
| 245 |
_aТрагедия Шекспира +Отелло : _bМировая литература / _cЮ. Шведов. |
||
| 264 |
_aМосква : _bВысшая школа, _c1969. |
||
| 300 |
_a103 стр. : _b19 см. |
||
| 653 | _aТрагедия Шекспира +Отелло | ||
| 653 | _aშექსპირის ტრაგედია + ოტელო | ||
| 942 |
_cBK _2udc |
||